| Tag |
First Indicator |
Second Indicator |
Subfields |
| LEADER |
00000cam a2200000 i 4500 |
| 001 |
in00004030021 |
| 005 |
20181203135402.0 |
| 008 |
120215s2012 nju 000 1 eng |
| 010 |
|
|
|a 2012003633
|
| 035 |
|
|
|a (OCoLC)ocn777251215
|
| 040 |
|
|
|a DLC
|e rda
|c DLC
|
| 020 |
|
|
|a 9781590210055
|q (pbk. :
|q alk. paper)
|
| 020 |
|
|
|a 1590210050
|q (pbk. :
|q alk. paper)
|
| 050 |
0 |
0 |
|a PS648.S3
|b B53 2012
|
| 082 |
0 |
0 |
|a 813/.08762083538
|2 23
|
| 049 |
|
|
|a TXAM
|
| 245 |
0 |
0 |
|a Beyond binary :
|b genderqueer and sexually fluid speculative fiction /
|c edited by Brit Mandelo.
|
| 264 |
|
1 |
|a Maple Shade, New Jersey :
|b Lethe Press,
|c 2012.
|
| 300 |
|
|
|a 267 pages ;
|c 23 cm.
|
| 336 |
|
|
|a text
|b txt
|2 rdacontent
|
| 337 |
|
|
|a unmediated
|b n
|2 rdamedia
|
| 338 |
|
|
|a volume
|b nc
|2 rdacarrier
|
| 505 |
0 |
|
|g Introduction /
|r Brit Mandelo --
|t Sea of Cortez /
|r Sandra McDonald --
|t Eye of the storm /
|r Kelley Eskridge --
|t Fisherman /
|r Nalo Hopkinson --
|t Pirate solutions /
|r Katherine Sparrow --
|t "A wild and a wicked youth" /
|r Ellen Kushner --
|t Prosperine when it sizzles /
|r Tansy Rayner Roberts --
|t The faerie cony-catcher /
|r Delia Sherman --
|t Palimpsest /
|r Catherynne M. Valente --
|t Another coming /
|r Sonya Taaffe --
|t Bleaker Collegiate presents an all-female production of Waiting for Godot /
|r Claire Humphrey --
|t The ghost party /
|r Richard Larson --
|t Bonehouse /
|r Keffy R.M. Kehrli --
|t Sex with ghosts /
|r Sarah Kanning --
|t Spoiling Veena /
|r Keyan Bowes --
|t Self-reflection /
|r Tobi Hill-Meyer --
|t The metamorphosis bud /
|r Liu Wen Zhuang --
|t Schrödinger's pussy /
|r Terra LeMay.
|
| 520 |
|
|
|a These seventeen stories explore the ways in which identity can go beyond binary, from space colonies to small college towns, from angels to androids and from a magical past to other worlds entirely, the authors in this collection have brought to life wonderful tales starring people who proudly define and redefine their own genders, sexualities, identities and so much in between.
|
| 650 |
|
0 |
|a Science fiction, American.
|
| 650 |
|
0 |
|a Gender identity
|v Fiction.
|
| 650 |
|
0 |
|a Fantasy fiction, American.
|
| 655 |
|
0 |
|a Science fiction, American.
|
| 655 |
|
0 |
|a Fantasy fiction, American.
|
| 700 |
1 |
|
|a Mandelo, Brit,
|e editor.
|
| 945 |
|
|
|b 791941
|
| 947 |
|
|
|a A14850543118
|
| 948 |
|
|
|a cataloged
|b h
|c 2018/12/3
|d c
|e dmitchel
|f 1:50:30 pm
|
| 994 |
|
|
|a 92
|b TXA
|
| 999 |
f |
f |
|s 97eb5cf4-c759-3d79-8d13-769247388faf
|i ac977961-2f42-384d-b4a3-9a80d8558c45
|t 0
|
| 952 |
f |
f |
|p normal
|a Texas A&M University
|b J.J. Pickle Campus
|c High Density Repository
|d Remote Storage
|t 0
|e PS648.S3 B53 2012
|h Library of Congress classification
|i unmediated -- volume
|m A14850543118
|
| 998 |
f |
f |
|a PS648.S3 B53 2012
|t 0
|l Remote Storage
|